Cyber war (Record no. 18177)

MARC details
000 -LEADER
fixed length control field 00720nam a22001937a 4500
008 - FIXED-LENGTH DATA ELEMENTS--GENERAL INFORMATION
fixed length control field 200127b xxu||||| |||| 00| 0 eng d
020 ## - INTERNATIONAL STANDARD BOOK NUMBER
International Standard Book Number 0061962240
040 ## - CATALOGING SOURCE
Original cataloging agency KABU
Transcribing agency KABU
050 ## - LIBRARY OF CONGRESS CALL NUMBER
Classification number HV6773.2
Item number .C53 2010 c. 1
100 ## - MAIN ENTRY--PERSONAL NAME
Personal name Clarke, Richard A.
245 ## - TITLE STATEMENT
Title Cyber war
Remainder of title the next threat to national security and what to do about it
Statement of responsibility, etc. Richard A. Clarke and Robert K. Knake
260 ## - PUBLICATION, DISTRIBUTION, ETC. (IMPRINT)
Place of publication, distribution, etc. New York
Name of publisher, distributor, etc. HarperCollins Publishers
Date of publication, distribution, etc. 2010
300 ## - PHYSICAL DESCRIPTION
Extent xiv, 306 p.
650 ## - SUBJECT ADDED ENTRY--TOPICAL TERM
Topical term or geographic name as entry element Cyberterrorism
General subdivision Prevention
Geographic subdivision United States
650 ## - SUBJECT ADDED ENTRY--TOPICAL TERM
Topical term or geographic name as entry element Information warfare
General subdivision Prevention
Geographic subdivision United States
650 ## - SUBJECT ADDED ENTRY--TOPICAL TERM
Topical term or geographic name as entry element Cyberspace operations (Military science)
Geographic subdivision United States
700 ## - ADDED ENTRY--PERSONAL NAME
Personal name Knake, Robert K.
942 ## - ADDED ENTRY ELEMENTS (KOHA)
Source of classification or shelving scheme Library of Congress Classification
Koha item type General Collection
Classification part HV6773.2
Holdings
Withdrawn status Lost status Source of classification or shelving scheme Not for loan Home library Current library Date acquired Cost, normal purchase price Total Checkouts Full call number Barcode Date last seen Date last checked out Copy number Price effective from Koha item type
    Library of Congress Classification   Kabarak, Main Campus Kabarak, Main Campus 27/01/2020 2044.00 1 HV6773.2 .C53 2010 c. 1 028135 08/03/2021 16/02/2021 c. 1 27/01/2020 General Collection
    Library of Congress Classification   Kabarak, Main Campus Kabarak, Main Campus 27/01/2020 2044.00 2 HV6773.2 .C53 2010 c. 2 028136 27/09/2024 23/09/2024 c. 2 27/01/2020 General Collection
    Library of Congress Classification   Kabarak, Main Campus Kabarak, Main Campus 27/01/2020 2044.00 1 HV6773.2 .C53 2010 c. 3 028137 19/08/2021 03/08/2021 c. 3 27/01/2020 General Collection
Designed with assistance from East African Informatics Ltd